| 000 | 01684nam a2200337 a 4500 | ||
|---|---|---|---|
| 003 | OSt | ||
| 005 | 20250926131552.0 | ||
| 007 | cr ||||||a|a|a | ||
| 008 | 250828s2025 mx a|||fom||| 001 0 spa d | ||
| 040 | _erda | ||
| 100 | 1 |
_aCamacho Ortiz, Angel _9191144 |
|
| 245 | 1 | 0 |
_aUso de inductores de resistencia en programas de manejo integrado como alternativa para Erysiphe Necator en producción sustentable / _cpor Angel Camacho Ortíz; director de tesis Bertha Tlapal Bolaños; secretario Manuel Alejandro Tejeda Reyes; vocal Antonio Tafoya Razo; suplente Calixto Leopoldo Carrillo Fonseca; suplente Alejandra Astudillo Gregorio |
| 264 | 1 |
_aChapingo, México : _bEl autor, _c2025. |
|
| 300 |
_a1 recurso en línea (82 páginas): _bcuadros, figuras. |
||
| 336 |
_2rdacontent _atexto _btxt |
||
| 337 |
_2rdamedia _acomputadora _bc |
||
| 338 |
_2rdacarrier _arecurso en línea _bcr |
||
| 502 |
_bIAEPA _cParasitología _d2025. _gLIC |
||
| 504 | _aIncluye referencias bibliográficas: páginas 78-82. | ||
| 650 | 4 |
_aErysiphe necator _xControl _9191271 |
|
| 650 | 4 |
_aVides _xEnfermedades por hongos _9119109 |
|
| 650 | 4 |
_aMelaleuca alternifolia _xEfecto en vides _9191273 |
|
| 650 | 4 |
_aHongos fitopatógenos _xControl _9129457 |
|
| 700 | 1 |
_aTlapal Bolaños, Bertha _9113464 _edirector. |
|
| 700 | 1 |
_aTejeda Reyes, Manuel Alejandro _9112025 _esecretario. |
|
| 700 | 1 |
_aTafoya Razo, Antonio _9189427 _evocal. |
|
| 700 | 4 |
_aCarrillo Fonseca, Calixto Leopoldo _919482 _esuplente. |
|
| 700 | 1 |
_aAstudillo Gregorio, Alondra _9188300 _esuplente. |
|
| 856 |
_zDESCARGAR PDF _uhttp://10.13.5.2/tesis/tl/1510309-2_CAMACHO_ORTIZ_ANGEL.pdf |
||
| 942 |
_2Clasificación Universidad Autónoma Chapingo _cTD |
||
| 999 |
_c220874 _d220874 |
||